Countries Producing the Most Potatoes - Statistics

General Stats
  • This quiz has been taken 2,047 times
  • The average score is 15 of 20
Answer Stats
million
tonnes
country % Correct
20 United States
98%
99 China
97%
5 United Kingdom
95%
31 Russia
94%
44 India
92%
7 France
91%
11 Germany
90%
4 Canada
88%
4 Brazil
86%
9 Poland
82%
22 Ukraine
81%
5 Turkey
70%
4 Pakistan
69%
5 Iran
66%
5 Egypt
59%
4 Peru
56%
6 Belarus
55%
7 Netherlands
50%
9 Bangladesh
38%
5 Algeria
37%
No matching quizzes found
Score Distribution
Percent of People with Each Score
Percentile by Number Answered
Your Score History
You have not taken this quiz